000 00498 a2200157 4500
005 20250507123122.0
020 _a978-0-324-59002-9
082 _aLECT 330 MAN
100 _aMANKIW, N. G.
245 _aEssential of Economics
250 _a5th Ed.
260 _aAustralia,
_bSouth-Western,
_c2008.
300 _axxiv, 584p.: ill.; figure, graph, picture, table.
_bGlossary & index.
_c26cm.
856 _yAccess Online Book
_fEssential of Economics
_dwww.cengage.com/economics/mankiw
942 _2ddc
_cBKS
999 _c2107
_d2107